[Event "34. Abierto Collado Villalba 2017 - B"]
[Site "Collado Villalba ESP"]
[Date "2017.08.24"]
[Round "3.2"]
[White "Cuellar Gutierrez, Raul"]
[Black "Menguez Rodriguez, Felipe"]
[Result "1-0"]
[WhiteElo "1878"]
[BlackElo "1736"]
[PlyCount "129"]
[EventDate "2017.08.22"]
[EventType "swiss"]
[EventRounds "9"]
[EventCountry "ESP"]
[SourceTitle "Ajedrez en Madrid"]
[Source "lmi"]
[SourceDate "2017.08.22"]
[SourceVersion "1"]
[SourceVersionDate "2017.08.31"]
[SourceQuality "1"]

1. e4 c5 2. Nf3 g6 3. g3 Nc6 4. Bg2 Bg7 5. O-O d6 6. c3 Nf6 7. Re1 O-O 8. d4
cxd4 9. cxd4 Qb6 10. d5 Nb8 11. Nc3 Ng4 12. Qe2 Nd7 13. h3 Nge5 14. Be3 Nxf3+
15. Bxf3 Qd8 16. Rac1 a6 17. Bg2 b5 18. a3 Ne5 19. Rc2 Bd7 20. f4 Nc4 21. Bc1
Rc8 22. Nd1 Qb6+ 23. Kh2 Na5 24. Be3 Bd4 25. Bxd4 Qxd4 26. Nc3 Qc4 27. Qf2 Nb3
28. g4 a5 29. Bf1 Qc5 30. Qxc5 Rxc5 31. Rf2 Rfc8 32. Bd3 b4 33. axb4 axb4 34.
Ne2 Bb5 35. Bxb5 Rxb5 36. Ng1 Rbc5 37. Nf3 Rc2 38. Kg3 R8c4 39. Ree2 Rxe2 40.
Rxe2 Nd4 41. Nxd4 Rxd4 42. Kf3 Kf8 43. Ke3 Rc4 44. Kd3 Rc5 45. Rc2 Rb5 46. Rc8+
Kg7 47. Kc4 Rb7 48. Kb3 h5 49. Rc4 hxg4 50. hxg4 g5 51. fxg5 Kg6 52. Rxb4 Rc7
53. Rc4 Ra7 54. Kc3 Kxg5 55. b4 Kxg4 56. b5 f5 57. exf5+ Kxf5 58. Kb4 e5 59. b6
Ra1 60. Kb5 Ra8 61. b7 Rb8 62. Kb6 e4 63. Kc7 Re8 64. Kxd6 e3 65. Rc8 1-0

[Event "34. Abierto Collado Villalba 2017 - B"]
[Site "Collado Villalba ESP"]
[Date "2017.08.24"]
[Round "3.3"]
[White "Marivela Santos, Juan Carlos"]
[Black "Khudov, Oleksandr"]
[Result "0-1"]
[WhiteElo "1716"]
[BlackElo "1838"]
[PlyCount "60"]
[EventDate "2017.08.22"]
[EventType "swiss"]
[EventRounds "9"]
[EventCountry "ESP"]
[SourceTitle "Ajedrez en Madrid"]
[Source "lmi"]
[SourceDate "2017.08.22"]
[SourceVersion "1"]
[SourceVersionDate "2017.08.31"]
[SourceQuality "1"]

1. c4 c6 2. Nf3 d5 3. b3 Bf5 4. Bb2 e6 5. e3 Nf6 6. Be2 h6 7. O-O Bd6 8. d4 O-O
9. Nc3 Nbd7 10. c5 Bc7 11. b4 e5 12. dxe5 Nxe5 13. Nd4 Bd7 14. f4 Neg4 15. Nc2
Re8 16. Bc1 Bf5 17. Bd3 Bxd3 18. Qxd3 Ne4 19. h3 Ngf6 20. Ba3 Ng3 21. Rf3 Nfe4
22. Ne2 Nxe2+ 23. Qxe2 a5 24. Qe1 axb4 25. Qxb4 Qd7 26. Qd4 f6 27. Rff1 Ba5 28.
Rfd1 Qe7 29. Rd3 Ng3 30. Kf2 Nf5 0-1

[Event "34. Abierto Collado Villalba 2017 - B"]
[Site "Collado Villalba ESP"]
[Date "2017.08.24"]
[Round "3.4"]
[White "Muñoz Morato, Miguel"]
[Black "Sanz Toledano, Alfonso"]
[Result "1/2-1/2"]
[WhiteElo "1659"]
[BlackElo "1818"]
[PlyCount "35"]
[EventDate "2017.08.22"]
[EventType "swiss"]
[EventRounds "9"]
[EventCountry "ESP"]
[SourceTitle "Ajedrez en Madrid"]
[Source "lmi"]
[SourceDate "2017.08.22"]
[SourceVersion "1"]
[SourceVersionDate "2017.08.31"]
[SourceQuality "1"]

1. c4 e6 2. Nc3 d5 3. cxd5 exd5 4. d4 Bb4 5. Nf3 Nf6 6. Bd2 O-O 7. g3 b6 8. Bg2
Bb7 9. O-O Re8 10. Re1 Nbd7 11. Rc1 a6 12. Qb3 Bd6 13. Bg5 h6 14. Bxf6 Nxf6 15.
Nd2 Ne4 16. Qc2 Nxc3 17. Qxc3 c5 18. e3 1/2-1/2

[Event "34. Abierto Collado Villalba 2017 - B"]
[Site "Collado Villalba ESP"]
[Date "2017.08.24"]
[Round "3.5"]
[White "Melcon Diez, Enrique"]
[Black "Mataix Fernandez, Ricardo"]
[Result "1/2-1/2"]
[WhiteElo "1634"]
[BlackElo "1762"]
[PlyCount "40"]
[EventDate "2017.08.22"]
[EventType "swiss"]
[EventRounds "9"]
[EventCountry "ESP"]
[SourceTitle "Ajedrez en Madrid"]
[Source "lmi"]
[SourceDate "2017.08.22"]
[SourceVersion "1"]
[SourceVersionDate "2017.08.31"]
[SourceQuality "1"]

1. c4 b6 2. Nc3 Bb7 3. d4 Nf6 4. Qc2 e6 5. e4 d6 6. Nf3 h6 7. Be2 Be7 8. O-O
Nbd7 9. Be3 O-O 10. h3 Ne8 11. d5 e5 12. b4 Ndf6 13. a4 a6 14. Rfb1 Rb8 15. a5
Nh7 16. Na4 Ng5 17. c5 Nxf3+ 18. Bxf3 b5 19. cxd6 Bxd6 20. Nc5 Bc8 1/2-1/2

[Event "34. Abierto Collado Villalba 2017 - B"]
[Site "Collado Villalba ESP"]
[Date "2017.08.24"]
[Round "3.6"]
[White "Medrano Del Val, Julio"]
[Black "Barranco Martinez, Gabriel"]
[Result "1-0"]
[WhiteElo "1823"]
[BlackElo "1640"]
[PlyCount "87"]
[EventDate "2017.08.22"]
[EventType "swiss"]
[EventRounds "9"]
[EventCountry "ESP"]
[SourceTitle "Ajedrez en Madrid"]
[Source "lmi"]
[SourceDate "2017.08.22"]
[SourceVersion "1"]
[SourceVersionDate "2017.08.31"]
[SourceQuality "1"]

1. d4 d5 2. c4 c6 3. Nc3 Nf6 4. Bf4 dxc4 5. a4 e6 6. e4 Bb4 7. f3 O-O 8. Bxc4
Nbd7 9. Nge2 Re8 10. e5 Nd5 11. Bd2 Bxc3 12. bxc3 b6 13. O-O Bb7 14. Bd3 Nf8
15. Ng3 Rc8 16. Ne4 Rc7 17. Nd6 Ree7 18. c4 Ba6 19. a5 Qb8 20. axb6 Qxb6 21. c5
Qb2 22. Bxa6 Qxd4+ 23. Kh1 Qxc5 24. Qc1 Qxc1 25. Rfxc1 Nd7 26. f4 h6 27. Bb7 f6
28. Bxc6 fxe5 29. Bxd7 Rexd7 30. fxe5 Kh7 31. Kg1 g5 32. Kf2 Kg6 33. Kf3 Ne7
34. Ke4 Nf5 35. Bb4 g4 36. Nxf5 exf5+ 37. Ke3 Rb7 38. Rc4 Rb5 39. Kf4 Rdb7 40.
Rc6+ Kg7 41. Bd6 Rb2 42. Kxf5 Rf7+ 43. Ke6 Rfb7 44. Rac1 1-0

[Event "34. Abierto Collado Villalba 2017 - B"]
[Site "Collado Villalba ESP"]
[Date "2017.08.24"]
[Round "3.7"]
[White "Fernandez Estremera, Fernando"]
[Black "Osorio Ramos, Francisco"]
[Result "1/2-1/2"]
[WhiteElo "1722"]
[BlackElo "1845"]
[PlyCount "54"]
[EventDate "2017.08.22"]
[EventType "swiss"]
[EventRounds "9"]
[EventCountry "ESP"]
[SourceTitle "Ajedrez en Madrid"]
[Source "lmi"]
[SourceDate "2017.08.22"]
[SourceVersion "1"]
[SourceVersionDate "2017.08.31"]
[SourceQuality "1"]

1. d4 Nf6 2. c4 e6 3. Nc3 Bb4 4. Qc2 c5 5. dxc5 Bxc5 6. Nf3 Qb6 7. e3 Qc7 8. b3
a6 9. Bd3 b6 10. O-O Bb7 11. Ne4 Be7 12. Bb2 d6 13. Nxf6+ gxf6 14. Be4 d5 15.
cxd5 Qxc2 16. Bxc2 Bxd5 17. Nd2 Nd7 18. Be4 Bxe4 19. Nxe4 O-O 20. Rfd1 Rfd8 21.
Ba3 Kf8 22. Bd6 f5 23. Bxe7+ Kxe7 24. Nd6 Nf6 25. Nc4 Nd5 26. Rac1 Rac8 27. Ne5
Rxc1 1/2-1/2

[Event "34. Abierto Collado Villalba 2017 - B"]
[Site "Collado Villalba ESP"]
[Date "2017.08.24"]
[Round "3.8"]
[White "Bon Ibañez, Alejandro"]
[Black "Leniz Martinez, Francisco"]
[Result "1-0"]
[WhiteElo "1804"]
[BlackElo "1710"]
[PlyCount "97"]
[EventDate "2017.08.22"]
[EventType "swiss"]
[EventRounds "9"]
[EventCountry "ESP"]
[SourceTitle "Ajedrez en Madrid"]
[Source "lmi"]
[SourceDate "2017.08.22"]
[SourceVersion "1"]
[SourceVersionDate "2017.08.31"]
[SourceQuality "1"]

1. e4 c5 2. Nf3 e6 3. d4 cxd4 4. Nxd4 a6 5. c4 Nf6 6. Nc3 Qc7 7. a3 Be7 8. Be3
d6 9. Be2 Nbd7 10. O-O b6 11. f3 Bb7 12. Rc1 Rc8 13. Qb3 Nc5 14. Qc2 O-O 15.
Rfd1 h6 16. b4 Ncd7 17. Qb3 Qb8 18. Na4 Rfe8 19. Nc2 Bd8 20. Qd3 Bc7 21. Bf4
Ne5 22. Bxe5 dxe5 23. Qe3 Bc6 24. b5 Bd7 25. Nb4 axb5 26. cxb5 Qb7 27. Na6 Bd8
28. Rxc8 Bxc8 29. Qc3 Be7 30. Nb2 Nd7 31. Nd3 Qa7 32. Ndb4 Bxa6 33. bxa6 Nb8
34. Qxe5 Bxb4 35. axb4 Nxa6 36. Ra1 b5+ 37. Kf1 Qb8 38. Qxb5 Nc7 39. Qc6 Rd8
40. b5 Na8 41. e5 Rc8 42. Qe4 Nb6 43. Qe3 Nd5 44. Qd4 Nc3 45. Qd7 Rd8 46. Qa7
Qxe5 47. Bc4 Nxb5 48. Qa5 Rb8 49. Rb1 1-0

[Event "34. Abierto Collado Villalba 2017 - B"]
[Site "Collado Villalba ESP"]
[Date "2017.08.24"]
[Round "3.9"]
[White "Diaz Lopez, Victor"]
[Black "Fernandez Martinez, Luis"]
[Result "1-0"]
[WhiteElo "1800"]
[BlackElo "1634"]
[PlyCount "87"]
[EventDate "2017.08.22"]
[EventType "swiss"]
[EventRounds "9"]
[EventCountry "ESP"]
[SourceTitle "Ajedrez en Madrid"]
[Source "lmi"]
[SourceDate "2017.08.22"]
[SourceVersion "1"]
[SourceVersionDate "2017.08.31"]
[SourceQuality "1"]

1. c4 e6 2. Nc3 f5 3. g3 Nf6 4. Nf3 Be7 5. Bg2 c6 6. d3 O-O 7. O-O d5 8. cxd5
cxd5 9. e4 fxe4 10. dxe4 dxe4 11. Ng5 Qxd1 12. Rxd1 Nd5 13. Nxd5 exd5 14. Rxd5
Nc6 15. Bxe4 h6 16. Nf3 Be6 17. Rb5 Rad8 18. Be3 Bg4 19. Kg2 Bxf3+ 20. Bxf3 Nd4
21. Bd5+ Rxd5 22. Rxd5 Nc2 23. Rad1 Nxe3+ 24. fxe3 b6 25. Rd7 Bc5 26. Rd8 Bxe3
27. Rxf8+ Kxf8 28. Rd7 a5 29. Kf3 Bc5 30. Ke4 Kg8 31. Kf5 Kh7 32. g4 Be3 33. h4
Bf2 34. h5 Bc5 35. b3 Bb4 36. Ke6 Bc5 37. Rd8 Bb4 38. Kd5 Be7 39. Rb8 Bc5 40.
Kc6 g5 41. Rb7+ Kg8 42. Rxb6 Bxb6 43. Kxb6 Kf7 44. Kxa5 1-0

[Event "34. Abierto Collado Villalba 2017 - B"]
[Site "Collado Villalba ESP"]
[Date "2017.08.24"]
[Round "3.10"]
[White "Gamboa Ondono, Jesus"]
[Black "Rodriguez Gomez, Jose Antonio"]
[Result "1/2-1/2"]
[WhiteElo "1772"]
[BlackElo "1585"]
[PlyCount "108"]
[EventDate "2017.08.22"]
[EventType "swiss"]
[EventRounds "9"]
[EventCountry "ESP"]
[SourceTitle "Ajedrez en Madrid"]
[Source "lmi"]
[SourceDate "2017.08.22"]
[SourceVersion "1"]
[SourceVersionDate "2017.08.31"]
[SourceQuality "1"]

1. d4 d5 2. Nf3 Nf6 3. c4 c6 4. Nc3 e6 5. Bg5 Be7 6. e3 O-O 7. Bd3 h6 8. Bh4
Nbd7 9. O-O Re8 10. Qc2 Qc7 11. Bg3 Bd6 12. cxd5 exd5 13. Bxd6 Qxd6 14. a4 Nf8
15. Ne5 Ng4 16. Nxg4 Bxg4 17. f3 Bh5 18. Qf2 Bg6 19. Bxg6 Qxg6 20. e4 Rad8 21.
e5 Ne6 22. f4 f5 23. a5 a6 24. Na4 Rf8 25. Rac1 Qe8 26. Nc5 Rf7 27. b4 Rb8 28.
Rcd1 Qc8 29. Qe2 Qe8 30. g4 Nxc5 31. bxc5 Qe6 32. gxf5 Rxf5 33. Rd3 Rbf8 34.
Rdf3 R8f7 35. R1f2 Kf8 36. Kf1 Ke7 37. Rb3 Ke8 38. Qg4 Kf8 39. Rh3 Qd7 40. Qh4
Qe7 41. Qg3 Qe6 42. Rh4 Qe7 43. Rg4 g5 44. Ke1 Qd8 45. Qh3 Qxa5+ 46. Kf1 Qa1+
47. Kg2 Qxd4 48. Qxh6+ Kg8 49. Qg6+ Kf8 50. Qd6+ Kg7 51. e6 Qe4+ 52. Kg1 Qe1+
53. Kg2 Qe4+ 54. Kg1 Qe1+ 1/2-1/2

[Event "Collado Villaoba op-B 34th"]
[Site "Collado Villalba"]
[Date "2017.08.24"]
[Round "3.11"]
[White "Rodriguez Del Moral, Angel"]
[Black "Benito Alba, Eladio"]
[Result "1/2-1/2"]
[WhiteElo "1769"]
[BlackElo "1619"]
[PlyCount "48"]
[EventDate "2017.08.22"]
[EventType "swiss"]
[EventRounds "9"]
[EventCountry "ESP"]

1. Nf3 Nf6 2. c4 c5 3. g3 Nc6 4. Bg2 g6 5. O-O Bg7 6. Nc3 O-O 7. d3 d6 8. e4
Bg4 9. Be3 Ne5 10. h3 Bxf3 11. Bxf3 Nxf3+ 12. Qxf3 Qd7 13. g4 e5 14. Bg5 Ne8
15. Qe3 Nc7 16. Bh6 f5 17. exf5 gxf5 18. Bxg7 Qxg7 19. Kh2 fxg4 20. hxg4 Rf4
21. f3 Ne6 22. Ne2 Rf6 23. Ng3 Qh6+ 24. Qxh6 Rxh6+ 1/2-1/2

[Event "Collado Villaoba op-B 34th"]
[Site "Collado Villalba"]
[Date "2017.08.24"]
[Round "3.12"]
[White "Camarero Izquierdo, Juan Carlos"]
[Black "Rufo Yebra, Benito"]
[Result "1-0"]
[WhiteElo "1844"]
[BlackElo "1363"]
[PlyCount "97"]
[EventDate "2017.08.22"]
[EventType "swiss"]
[EventRounds "9"]
[EventCountry "ESP"]

1. d4 d5 2. Nc3 e6 3. e4 Bb4 4. e5 b6 5. Qg4 Bf8 6. Bg5 Ne7 7. O-O-O Ba6 8.
Nge2 Nbc6 9. Ng3 h6 10. Bxe7 Qxe7 11. Bxa6 Qb4 12. Bb5 Kd7 13. f4 a6 14. Bxc6+
Kxc6 15. f5 Qe7 16. fxe6 fxe6 17. Qg6 Qg5+ 18. Qxg5 hxg5 19. Rdf1 Rh4 20. Nce2
Kb5 21. Rf7 c5 22. Rhf1 Rh8 23. h3 g6 24. R1f6 g4 25. Rxe6 gxh3 26. gxh3 Bh6+
27. Kd1 Be3 28. dxc5 Bxc5 29. Rxg6 Rxh3 30. e6 Re8 31. Nf4 Rh4 32. c3 Kc4 33.
Nfe2 Rh2 34. Rf4+ Kb5 35. a4+ Kc6 36. b4 Bd6 37. Nd4+ Kb7 38. Rf7+ Kc8 39. Ngf5
Rh1+ 40. Kc2 Be5 41. Ra7 Bxd4 42. Ra8+ Kc7 43. Rxe8 Rh2+ 44. Kb3 Be5 45. b5 Kb7
46. Re7+ Ka8 47. Rg8+ Bb8 48. Nd4 a5 49. Nc6 1-0

[Event "Collado Villaoba op-B 34th"]
[Site "Collado Villalba"]
[Date "2017.08.24"]
[Round "3.13"]
[White "Garcia Lopez, Fernando"]
[Black "Gonzalez Pabollet, Jesus Maria"]
[Result "0-1"]
[WhiteElo "1558"]
[BlackElo "1873"]
[PlyCount "66"]
[EventDate "2017.08.22"]
[EventType "swiss"]
[EventRounds "9"]
[EventCountry "ESP"]

1. e4 c5 2. Nf3 e6 3. d4 cxd4 4. Nxd4 a6 5. Nc3 Qc7 6. Bd3 Nc6 7. Nb3 Nf6 8.
O-O Be7 9. f4 d6 10. a4 b6 11. Be3 Bb7 12. f5 exf5 13. exf5 Ne5 14. Nd4 O-O 15.
Be2 Rfe8 16. Bf2 Rac8 17. Bg3 Nc4 18. Bxc4 Qxc4 19. Nf3 Ng4 20. Qd4 Qxd4+ 21.
Nxd4 Bf6 22. Nf3 Ne3 23. Rf2 Nxf5 24. Nd1 Nd4 25. Rd2 Bxf3 26. Rxd4 Bxd4+ 27.
Nf2 Bh5 28. c3 Bxf2+ 29. Bxf2 Re2 30. Bxb6 Rxb2 31. Bd4 Re8 32. Rf1 Ree2 33.
Rf2 Rxf2 0-1

[Event "Collado Villaoba op-B 34th"]
[Site "Collado Villalba"]
[Date "2017.08.24"]
[Round "3.14"]
[White "Olias Muñoz, Francisco"]
[Black "Alameda Arellano, Cristeto"]
[Result "0-1"]
[WhiteElo "1865"]
[BlackElo "1577"]
[PlyCount "54"]
[EventDate "2017.08.22"]
[EventType "swiss"]
[EventRounds "9"]
[EventCountry "ESP"]

1. e4 c6 2. d4 d5 3. exd5 cxd5 4. c4 Nf6 5. Nc3 Nc6 6. Nf3 Bg4 7. Be3 e6 8. c5
Be7 9. a3 Ne4 10. Rc1 O-O 11. Bd3 f5 12. h3 Bh5 13. Bxe4 fxe4 14. g4 Rxf3 15.
gxh5 Bg5 16. Qe2 Bxe3 17. fxe3 Qh4+ 18. Kd1 Raf8 19. Re1 a6 20. b4 Qxh3 21. b5
Rf2 22. bxc6 Rxe2 23. Rxe2 bxc6 24. Kd2 Rb8 25. Rc2 Qxh5 26. Kc1 Rb3 27. Nb1
Qh1+ 0-1

[Event "Collado Villaoba op-B 34th"]
[Site "Collado Villalba"]
[Date "2017.08.24"]
[Round "3.15"]
[White "Mejias Gonzalez, Pedro"]
[Black "Martin-Consuegra Barrilero, Francisco Javier"]
[Result "1/2-1/2"]
[WhiteElo "1541"]
[BlackElo "1833"]
[PlyCount "134"]
[EventDate "2017.08.22"]
[EventType "swiss"]
[EventRounds "9"]
[EventCountry "ESP"]

1. e4 d5 2. exd5 Qxd5 3. Nc3 Qa5 4. d4 c6 5. Nf3 Bf5 6. Bd3 Bxd3 7. Qxd3 Qa6 8.
Qxa6 Nxa6 9. a3 e6 10. O-O Nf6 11. Bg5 Be7 12. Rfe1 O-O 13. Ne4 Rfd8 14. Nxf6+
Bxf6 15. Bxf6 gxf6 16. c3 c5 17. Rad1 c4 18. Re4 Rac8 19. Rg4+ Kf8 20. Re1 Rd5
21. Re2 h5 22. Rg3 b5 23. h4 Nc7 24. Nd2 Ne8 25. Ne4 Rcd8 26. f4 Rf5 27. Rf2
Nd6 28. Nxd6 Rxd6 29. Re3 a5 30. g3 Rb6 31. Ree2 b4 32. a4 Rd5 33. Kg2 f5 34.
Re5 Rxe5 35. dxe5 bxc3 36. bxc3 Rb3 37. Rc2 Ra3 38. Kf2 Rxa4 39. Ke3 Ra1 40.
Kd4 Rg1 41. Kxc4 Rxg3 42. Kb5 Ke7 43. Kxa5 Kd7 44. Kb6 Kc8 45. c4 Rg4 46. c5
Rxf4 47. Kc6 Rd4 48. Ra2 Kd8 49. Ra8+ Ke7 50. Ra7+ Kf8 51. Rd7 Rxh4 52. Kc7 Rc4
53. c6 h4 54. Rd3 Kg7 55. Kd7 Kg6 56. c7 Kg5 57. c8=Q Rxc8 58. Kxc8 Kg4 59. Kd7
h3 60. Ke7 h2 61. Rd1 f4 62. Kxf7 Kg3 63. Kxe6 f3 64. Kd7 Kg2 65. e6 h1=Q 66.
Rxh1 Kxh1 67. e7 f2 1/2-1/2

[Event "Collado Villaoba op-B 34th"]
[Site "Collado Villalba"]
[Date "2017.08.24"]
[Round "3.16"]
[White "Herrero Corada, Jose Ignacio"]
[Black "Yaniz Lana, Francisco Javier"]
[Result "1-0"]
[WhiteElo "1828"]
[BlackElo "1572"]
[PlyCount "141"]
[EventDate "2017.08.22"]
[EventType "swiss"]
[EventRounds "9"]
[EventCountry "ESP"]

1. e4 c5 2. d4 cxd4 3. Nf3 Nc6 4. c3 dxc3 5. Nxc3 e6 6. Bc4 Qc7 7. O-O Nf6 8.
Nb5 Qd8 9. e5 Ng4 10. Bf4 a6 11. Nd6+ Bxd6 12. exd6 O-O 13. Qe2 b5 14. Bd3 Nf6
15. Rac1 Nb4 16. Bb1 Qb6 17. Rfd1 Nbd5 18. Bg3 h6 19. Ne5 Bb7 20. Qd3 Nb4 21.
Qb3 a5 22. a3 Bd5 23. Qc3 Nc6 24. Re1 Qb7 25. Nf3 b4 26. Qd2 Ne4 27. Rxe4 Bxe4
28. Ne5 Qb6 29. Bxe4 Qa7 30. Nxd7 Qd4 31. Qxd4 Nxd4 32. Re1 f5 33. Bxa8 Rxa8
34. axb4 axb4 35. f3 g5 36. Be5 Nc6 37. Nc5 Ra5 38. Nd3 Rd5 39. Re3 f4 40. Bxf4
gxf4 41. Nxf4 Rd1+ 42. Kf2 e5 43. Nd3 Rd2+ 44. Kg3 Kf7 45. Nxe5+ Nxe5 46. Rxe5
Rxd6 47. Re4 Rg6+ 48. Rg4 Rb6 49. b3 Rb5 50. Kf4 Kf6 51. Ke3 Ke5 52. Re4+ Kf6
53. Kd3 Rd5+ 54. Rd4 Rb5 55. Kc4 Rb6 56. Kc5 Rb8 57. Rxb4 Rc8+ 58. Kd6 Rc2 59.
Rg4 Rf2 60. b4 Kf5 61. Kc5 h5 62. Rg8 Kf4 63. b5 Kf5 64. Kc6 Kf6 65. b6 Kf7 66.
Rg5 Kf6 67. Rxh5 Rxg2 68. b7 Rc2+ 69. Kb6 Kg6 70. Rb5 Rxh2 71. b8=Q 1-0

[Event "Collado Villaoba op-B 34th"]
[Site "Collado Villalba"]
[Date "2017.08.24"]
[Round "3.17"]
[White "Martinez Martinez, Antonio"]
[Black "Santos Garay-Cordovil, Salvador"]
[Result "0-1"]
[WhiteElo "1525"]
[BlackElo "1825"]
[PlyCount "67"]
[EventDate "2017.08.22"]
[EventType "swiss"]
[EventRounds "9"]
[EventCountry "ESP"]

1. e4 c5 2. Nf3 Nc6 3. d3 d6 4. h3 e6 5. c3 Nf6 6. Be3 Be7 7. a3 O-O 8. Be2 d5
9. e5 Nd7 10. d4 cxd4 11. cxd4 f6 12. exf6 Bxf6 13. Nc3 a6 14. b4 b5 15. O-O
Nb6 16. Nh2 Nc4 17. Bxc4 dxc4 18. Ne2 Ne7 19. f4 Nf5 20. Bf2 Bb7 21. Nf3 Qe8
22. Nc3 Qc6 23. Qe2 Qd6 24. Ne5 Nxd4 25. Qd1 Bxe5 26. fxe5 Qc6 27. Qg4 Rad8 28.
Rad1 Nf5 29. Rxd8 Rxd8 30. Bc5 Rd3 31. Ne2 h5 32. Qg5 Rg3 33. Qd8+ Kh7 34. Nf4
0-1

[Event "Collado Villaoba op-B 34th"]
[Site "Collado Villalba"]
[Date "2017.08.24"]
[Round "3.18"]
[White "Cebrian Alfaya, Jorge"]
[Black "Fernandez Rios, Jose Francisco"]
[Result "1/2-1/2"]
[WhiteElo "1527"]
[BlackElo "1771"]
[PlyCount "82"]
[EventDate "2017.08.22"]
[EventType "swiss"]
[EventRounds "9"]
[EventCountry "ESP"]

1. d4 Nf6 2. Bg5 e6 3. e4 h6 4. Bxf6 Qxf6 5. c3 d6 6. Bd3 Nd7 7. Nd2 c5 8. Ne2
Qd8 9. O-O Be7 10. f4 O-O 11. e5 dxe5 12. fxe5 cxd4 13. cxd4 Nxe5 14. Be4 Ng4
15. Qb3 e5 16. Rxf7 Rxf7 17. Bd5 Qe8 18. Rf1 Nf6 19. Bxf7+ Qxf7 20. Qxf7+ Kxf7
21. dxe5 Kg8 22. exf6 Bxf6 23. Nc3 Be6 24. Nde4 Bd4+ 25. Kh1 Rf8 26. Rxf8+ Kxf8
27. a3 Ke7 28. h3 Bf5 29. Ng3 Bd3 30. Nh5 g5 31. g4 Kd6 32. Kg2 Kc5 33. Kf3 Bf1
34. Ne4+ Kb5 35. Nd2 Bd3 36. b3 Bc5 37. a4+ Kb4 38. Ng3 Bc2 39. Nde4 Bd4 40.
Nd6 b6 41. Ngf5 Bc3 1/2-1/2

[Event "Collado Villaoba op-B 34th"]
[Site "Collado Villalba"]
[Date "2017.08.24"]
[Round "3.19"]
[White "Garcia Prada, Alejandro"]
[Black "Perez Suchan, Saul Mario"]
[Result "1-0"]
[WhiteElo "1505"]
[BlackElo "1668"]
[PlyCount "123"]
[EventDate "2017.08.22"]
[EventType "swiss"]
[EventRounds "9"]
[EventCountry "ESP"]

1. e4 c6 2. Nc3 d5 3. Nf3 dxe4 4. Nxe4 g6 5. Qe2 Bg7 6. c3 Nf6 7. d4 O-O 8. g3
Na6 9. Bg2 Bf5 10. Nxf6+ Bxf6 11. O-O Re8 12. Bf4 Nc7 13. Rfe1 Nd5 14. Be5 Bg7
15. Bxg7 Kxg7 16. Nh4 Be6 17. f4 Qd7 18. Rf1 f6 19. Rae1 Bf7 20. g4 Qd6 21.
Bxd5 Qxd5 22. a3 Qb3 23. Rf2 Bd5 24. Nf3 Bxf3 25. Rxf3 Qf7 26. Re3 Kf8 27. Re6
Rad8 28. Qf2 f5 29. g5 Rd6 30. Qe3 Rxe6 31. Qxe6 Qxe6 32. Rxe6 Kf7 33. Re5 e6
34. Kf2 h6 35. h4 hxg5 36. hxg5 Ke7 37. Kg3 Rd8 38. Re2 Rd5 39. Rh2 Rd7 40.
Rh7+ Kd6 41. Rh6 Rg7 42. Kf3 Kd7 43. c4 c5 44. dxc5 Kc6 45. b4 a5 46. Ke3 b6
47. cxb6 axb4 48. axb4 Kxb6 49. Kd4 Kc6 50. Ke5 Kd7 51. Kf6 Re7 52. Rxg6 Kd6
53. Rg7 Rxg7 54. Kxg7 e5 55. Kf6 exf4 56. c5+ Kc6 57. g6 f3 58. g7 f2 59. g8=Q
f1=Q 60. Qe6+ Kb5 61. Qb6+ Kc4 62. Qa6+ 1-0

[Event "Collado Villaoba op-B 34th"]
[Site "Collado Villalba"]
[Date "2017.08.24"]
[Round "3.20"]
[White "Cujba, Anca-Claudia"]
[Black "Fernandez Garcia, Emiliano"]
[Result "1-0"]
[WhiteElo "1664"]
[BlackElo "1537"]
[PlyCount "63"]
[EventDate "2017.08.22"]
[EventType "swiss"]
[EventRounds "9"]
[EventCountry "ESP"]

1. e4 c6 2. c4 e5 3. d4 Nf6 4. Qd3 d6 5. d5 c5 6. Nc3 Nbd7 7. g3 Be7 8. Bg2 O-O
9. Nge2 a6 10. Bd2 Rb8 11. a4 b6 12. O-O Nh5 13. f4 exf4 14. gxf4 f6 15. Bh3
Qe8 16. Kh1 Kh8 17. Rg1 Rg8 18. Be6 Rf8 19. Rg4 g6 20. Rag1 Ng7 21. Nd1 Rb7 22.
Qh3 Nh5 23. Ne3 Nb8 24. f5 Bxe6 25. dxe6 g5 26. Bc3 Nc6 27. Rxg5 Ne5 28. Rxh5
Bd8 29. Nf4 Qxa4 30. Bxe5 dxe5 31. Ng6+ Kg8 32. Ne7+ 1-0

[Event "Collado Villaoba op-B 34th"]
[Site "Collado Villalba"]
[Date "2017.08.24"]
[Round "3.21"]
[White "Carrasco Coquillat, Jorge"]
[Black "Olmedo Aznar, Eduardo"]
[Result "1/2-1/2"]
[WhiteElo "1654"]
[BlackElo "1519"]
[PlyCount "41"]
[EventDate "2017.08.22"]
[EventType "swiss"]
[EventRounds "9"]
[EventCountry "ESP"]

1. c4 c6 2. Nc3 d5 3. cxd5 cxd5 4. d4 Nc6 5. Nf3 Nf6 6. Bf4 Bf5 7. e3 e6 8. Be2
Be7 9. h3 h6 10. Rc1 O-O 11. O-O Rc8 12. a3 Ne8 13. b4 Bd6 14. Bxd6 Nxd6 15.
Bd3 Qf6 16. Bxf5 Qxf5 17. Qc2 Qxc2 18. Rxc2 Nc4 19. Nb1 Ne7 20. Rfc1 Nb6 21.
Nfd2 1/2-1/2

[Event "Collado Villaoba op-B 34th"]
[Site "Collado Villalba"]
[Date "2017.08.24"]
[Round "3.22"]
[White "Criado Riesgo, Manuel"]
[Black "Enriquez Pastor, Jorge"]
[Result "1-0"]
[WhiteElo "1646"]
[BlackElo "1472"]
[PlyCount "145"]
[EventDate "2017.08.22"]
[EventType "swiss"]
[EventRounds "9"]
[EventCountry "ESP"]

1. b3 e5 2. Bb2 Nc6 3. c4 Nf6 4. e3 d5 5. cxd5 Nxd5 6. Nf3 Bg4 7. Be2 Bxf3 8.
Bxf3 Be7 9. Nc3 Ndb4 10. Bxc6+ Nxc6 11. Qg4 O-O 12. Rd1 Nb4 13. O-O Nd3 14. Ba1
c6 15. Qc4 Qd6 16. Ne4 Qd5 17. Ng3 Qxc4 18. bxc4 b6 19. Rb1 Rad8 20. Rb3 f6 21.
Nf5 Bc5 22. Bc3 Rd7 23. Ng3 Be7 24. Nf5 Bc5 25. a4 Rfd8 26. a5 Rb8 27. Rfb1 Kf7
28. axb6 Rxb6 29. Ba5 Rxb3 30. Rxb3 Ke6 31. Nxg7+ Rxg7 32. Rxd3 Rb7 33. g3 Rb1+
34. Kg2 Ra1 35. Bc3 Ra4 36. Rd8 Rxc4 37. Rh8 Bb4 38. Bxb4 Rxb4 39. Rxh7 a5 40.
Ra7 Ra4 41. h4 Kf5 42. f3 Ra2 43. g4+ Kg6 44. h5+ Kh6 45. Rd7 c5 46. Rd6 Kg7
47. f4 exf4 48. exf4 c4 49. Kf3 Ra3+ 50. Ke4 Rb3 51. g5 fxg5 52. fxg5 Rb4 53.
h6+ Kh7 54. Rd7+ Kh8 55. g6 c3+ 56. Kd3 Rb8 57. Kxc3 a4 58. Ra7 Rb3+ 59. Kc2
Rb8 60. Rxa4 Rg8 61. g7+ Kh7 62. Ra6 Rc8+ 63. Kd1 Re8 64. Rf6 Kg8 65. d4 Rd8
66. Kc2 Rc8+ 67. Kd3 Re8 68. d5 Rd8 69. Kd4 Re8 70. Kc5 Rc8+ 71. Kd6 Rd8+ 72.
Ke7 Rxd5 73. Rf8+ 1-0

[Event "Collado Villaoba op-B 34th"]
[Site "Collado Villalba"]
[Date "2017.08.24"]
[Round "3.23"]
[White "Carrasco Coquillat, Alvaro"]
[Black "Olmedo Alvarez, Marcos"]
[Result "1-0"]
[WhiteElo "1639"]
[BlackElo "1466"]
[PlyCount "35"]
[EventDate "2017.08.22"]
[EventType "swiss"]
[EventRounds "9"]
[EventCountry "ESP"]

1. d4 d5 2. c4 e5 3. dxe5 d4 4. Nf3 Nc6 5. a3 Nge7 6. b4 Ng6 7. Bb2 Ncxe5 8.
Nxe5 Nxe5 9. e3 Be6 10. c5 Qf6 11. Bxd4 Rd8 12. f4 Rxd4 13. exd4 Qxf4 14. Qd2
Qh4+ 15. Kd1 Qg4+ 16. Be2 Bb3+ 17. Ke1 Qxg2 18. Bb5+ 1-0